[Event "2006 Edmonton Closed"]
[Site "Edmonton"]
[Date "2006.01.12"]
[Round "1.2"]
[White "Dean, Tim"]
[Black "Haynes, Nicolas"]
[Result "0-1"]
[WhiteElo "1923"]
[BlackElo "2027"]
[PlyCount "82"]
[EventDate "2006.01.04"]
[EventType "k.o."]
[EventRounds "4"]
[EventCountry "CAN"]

1. e4 e5 2. Nf3 Nc6 3. Bb5 Nf6 4. O-O Nxe4 5. d4 Nd6 6. dxe5 Nxb5 7. c4 d6 8.
cxb5 Nxe5 9. Nxe5 dxe5 10. Qe2 Be6 11. Qxe5 Qd6 12. Bf4 Qxe5 13. Bxe5 O-O-O 14.
Nc3 f6 15. Bg3 Bf5 16. Rac1 Bd6 17. Nd5 Bxg3 18. Ne7+ Kb8 19. Nxf5 Be5 20. Nxg7
Rd2 21. a4 Bxb2 22. Rcd1 Rhd8 23. Rxd2 Rxd2 24. Nf5 c5 25. bxc6 bxc6 26. h4 c5
27. Ne3 Bd4 28. Nf5 Kb7 29. h5 Kb6 30. Nxd4 Rxd4 31. Re1 c4 32. Kf1 Kc5 33. Re6
Kb4 34. Ke2 c3 35. Re8 Kxa4 36. Rc8 Kb3 37. Rc7 c2 38. Rb7+ Rb4 39. Rc7 Rc4 40.
Rxc4 Kxc4 41. Kd2 Kb3 0-1

[Event "2006 Edmonton Closed"]
[Site "Edmonton"]
[Date "2006.01.12"]
[Round "1.2"]
[White "Frialde, Arniel"]
[Black "Stark, Mark"]
[Result "1/2-1/2"]
[WhiteElo "2209"]
[BlackElo "1806"]
[PlyCount "140"]
[EventDate "2006.01.04"]
[EventType "k.o."]
[EventRounds "4"]
[EventCountry "CAN"]

1. d4 d5 2. Nf3 Nf6 3. Bf4 c6 4. Nbd2 Bf5 5. e3 e6 6. Bd3 Bg6 7. O-O Bd6 8. Ne5
O-O 9. Nxg6 hxg6 10. Bxd6 Qxd6 11. f4 c5 12. c3 Nc6 13. a3 c4 14. Bc2 b5 15.
Rf3 a5 16. e4 dxe4 17. Nxe4 Nxe4 18. Bxe4 Rfc8 19. Bxc6 Rxc6 20. Qe1 Rb8 21.
Qh4 Qd8 22. Qxd8+ Rxd8 23. Kf2 Rb6 24. Re3 Rdb8 25. Re5 b4 26. axb4 axb4 27.
Rc5 bxc3 28. bxc3 Rb2+ 29. Kf3 Rc2 30. Rxc4 Rbb2 31. Rc8+ Kh7 32. g4 Rb3 33. g5
Rbxc3+ 34. Rxc3 Rxc3+ 35. Ke4 Rc7 36. Ke5 Rd7 37. Ra5 Kg8 38. d5 exd5 39. Rxd5
Re7+ 40. Kd4 Re2 41. Rd8+ Kh7 42. Rf8 Rxh2 43. Rxf7 Ra2 44. Rc7 Re2 45. Kd5 Rf2
46. Rc4 Ra2 47. Rd4 Ra5+ 48. Ke4 Rb5 49. Rd8 Ra5 50. Re8 Ra1 51. Re5 Ra4+ 52.
Kf3 Rb4 53. Kg3 Ra4 54. Re8 Rb4 55. Rf8 Ra4 56. Rd8 Rb4 57. Kf3 Ra4 58. Ke3 Ra1
59. Rd6 Re1+ 60. Kf3 Rf1+ 61. Ke4 Re1+ 62. Kd5 Rf1 63. Ke5 Re1+ 64. Kd4 Rf1 65.
Ke3 Re1+ 66. Kf2 Re4 67. Kf3 Re1 68. Rd5 Ra1 69. Ke4 Re1+ 70. Kd4 Rf1 1/2-1/2

[Event "2006 Edmonton Closed"]
[Site "Edmonton"]
[Date "2006.01.12"]
[Round "1.2"]
[White "Gardner, Robert"]
[Black "Fokkema, Jerred"]
[Result "1-0"]
[WhiteElo "2258"]
[BlackElo "1768"]
[PlyCount "45"]
[EventDate "2006.01.04"]
[EventType "k.o."]
[EventRounds "4"]
[EventCountry "CAN"]

1. d4 d5 2. c4 e6 3. Nc3 Nf6 4. Nf3 Be7 5. cxd5 exd5 6. Bg5 O-O 7. e3 Bf5 8.
Bd3 Bxd3 9. Qxd3 c6 10. O-O Nbd7 11. a3 Re8 12. b4 a5 13. b5 c5 14. dxc5 Nxc5
15. Qf5 Rc8 16. Bxf6 Bxf6 17. Nxd5 Bxa1 18. Ng5 Qxg5 19. Qxg5 Re5 20. Qg4 Rd8
21. Nf6+ Kh8 22. Qh4 h6 23. Rxa1 1-0

[Event "2006 Edmonton Closed"]
[Site "Edmonton"]
[Date "2006.01.12"]
[Round "1.2"]
[White "Hughey, Micah"]
[Black "Karmali, Hafiz"]
[Result "1-0"]
[WhiteElo "2036"]
[BlackElo "1981"]
[PlyCount "71"]
[EventDate "2006.01.04"]
[EventType "k.o."]
[EventRounds "4"]
[EventCountry "CAN"]

1. e4 e5 2. Nf3 Nf6 3. Bc4 Nxe4 4. Nc3 d5 5. Bxd5 Nf6 6. Bb3 Bd6 7. O-O O-O 8.
Re1 Nbd7 9. d4 exd4 10. Qxd4 h6 11. Bf4 Bxf4 12. Qxf4 c6 13. Rad1 Qa5 14. Re7
Nc5 15. Bxf7+ Rxf7 16. b4 Qa3 17. Rd8+ Rf8 18. Qc4+ Be6 19. Rxe6 Raxd8 20.
Rxf6+ Kh7 21. Rxf8 Rxf8 22. bxc5 Qc1+ 23. Qf1 Qxc2 24. Qe1 Rf4 25. Ne5 Rd4 26.
g3 Rd2 27. Qe3 Qc1+ 28. Kg2 Rc2 29. Qd3+ Kg8 30. Ne4 Qb1 31. Qd8+ Kh7 32. Nf6+
gxf6 33. Qe7+ Kh8 34. Qf8+ Kh7 35. Qf7+ Kh8 36. Ng6# 1-0

[Event "2006 Edmonton Closed"]
[Site "Edmonton"]
[Date "2006.01.12"]
[Round "1.2"]
[White "Mrugala, David"]
[Black "Li, Zhichao"]
[Result "1/2-1/2"]
[WhiteElo "1800"]
[BlackElo "2203"]
[PlyCount "84"]
[EventDate "2006.01.04"]
[EventType "k.o."]
[EventRounds "4"]
[EventCountry "CAN"]

1. c4 c6 2. g3 d5 3. cxd5 cxd5 4. d4 Nf6 5. Bg2 e6 6. Nf3 Bb4+ 7. Bd2 Bxd2+ 8.
Nbxd2 O-O 9. O-O Nc6 10. e3 Qb6 11. Qb3 Qxb3 12. Nxb3 b6 13. Rfc1 Bb7 14. Nbd2
Rfc8 15. a3 Rc7 16. Rc2 Rac8 17. Rac1 Ne8 18. Bf1 Na5 19. Rxc7 Rxc7 20. Rxc7
Nxc7 21. b4 Nc4 22. Nb1 f6 23. Nfd2 Ba6 24. a4 Nxd2 25. Nxd2 Bxf1 26. Kxf1 b5
27. axb5 Nxb5 28. Nb1 g5 29. h3 Kf7 30. Ke2 e5 31. Kd3 e4+ 32. Kc2 Ke6 33. Nc3
Nxc3 34. Kxc3 Kd6 35. b5 Kc7 36. Kb3 Kb6 37. Kb4 h5 38. g4 h4 39. Ka4 a5 40.
bxa6 Kxa6 41. Kb4 Kb6 42. Ka4 Ka6 1/2-1/2

[Event "2006 Edmonton Closed"]
[Site "Edmonton"]
[Date "2006.01.12"]
[Round "1.2"]
[White "Rekhson, Vladislav"]
[Black "Pua, Richard"]
[Result "1-0"]
[WhiteElo "2021"]
[BlackElo "1849"]
[PlyCount "71"]
[EventDate "2006.01.04"]
[EventType "k.o."]
[EventRounds "4"]
[EventCountry "CAN"]

1. e4 e5 2. Nf3 Nf6 3. Nxe5 d6 4. Nf3 Nxe4 5. Nc3 Nxc3 6. dxc3 Be7 7. Be3 Nc6
8. Qd2 O-O 9. O-O-O Bf5 10. h4 Bf6 11. Be2 Ne5 12. Nd4 Bd7 13. h5 Nc6 14. g4
Nxd4 15. cxd4 h6 16. f4 Bc8 17. Bf3 c6 18. Rhg1 g5 19. hxg6 fxg6 20. Qd3 Kf7
21. Be4 Rg8 22. g5 d5 23. Qb3 Qb6 24. Qc3 dxe4 25. gxf6 Qb5 26. Qa3 Kxf6 27.
Qd6+ Be6 28. d5 cxd5 29. Bd4+ Kf7 30. Qe5 Bf5 31. Qf6+ Ke8 32. Qxf5 gxf5 33.
Rxg8+ Kd7 34. Rxa8 a6 35. Rh8 Qa4 36. Rh7+ 1-0

[Event "2006 Edmonton Closed"]
[Site "Edmonton"]
[Date "2006.01.12"]
[Round "1.2"]
[White "Yamach, Ahmet"]
[Black "Reeve, Jeff"]
[Result "0-1"]
[WhiteElo "1796"]
[BlackElo "2320"]
[PlyCount "42"]
[EventDate "2006.01.04"]
[EventType "k.o."]
[EventRounds "4"]
[EventCountry "CAN"]

1. d4 Nf6 2. c4 c5 3. d5 b5 4. cxb5 a6 5. b6 g6 6. Nc3 d6 7. e4 Bg7 8. Qb3 Bb7
9. a4 a5 10. f3 O-O 11. Bc4 Nbd7 12. Qc2 Nxb6 13. b3 e6 14. dxe6 Nxc4 15. exf7+
Rxf7 16. bxc4 Nxe4 17. Bb2 Qh4+ 18. g3 Nxg3 19. Qf2 Qe7+ 20. Kd1 Nxh1 21. Qg2
Qe3 0-1

[Event "2006 Edmonton Closed"]
[Site "Edmonton"]
[Date "2006.01.19"]
[Round "2.1"]
[White "Frialde, Arniel"]
[Black "Li, Zhichao"]
[Result "0-1"]
[WhiteElo "2209"]
[BlackElo "2203"]
[PlyCount "102"]
[EventDate "2006.01.04"]
[EventType "k.o."]
[EventRounds "4"]
[EventCountry "CAN"]

1. d4 d5 2. Nf3 Nf6 3. Bg5 Ne4 4. Bf4 c5 5. e3 Nc6 6. c3 Bg4 7. Qb3 Qb6 8. Bb5
Bd7 9. O-O e6 10. Nbd2 Nxd2 11. Nxd2 c4 12. Qa4 a6 13. Bxc6 Qxc6 14. Qc2 Be7
15. f3 Qa4 16. Qb1 O-O 17. e4 Rfe8 18. Re1 Bf8 19. Nf1 f6 20. e5 f5 21. g4 fxg4
22. fxg4 Reb8 23. h4 Be7 24. Re2 Rf8 25. Bg3 Rf3 26. Kg2 Raf8 27. Ne3 R3f7 28.
Qe1 Qa5 29. Nf5 exf5 30. e6 Bxe6 31. Rxe6 f4 32. Rxe7 fxg3 33. Qe6 Qa4 34. b3
Qc6 35. Qxc6 Rf2+ 36. Kg1 bxc6 37. bxc4 dxc4 38. Rae1 R2f4 39. R7e4 Rxe4 40.
Rxe4 Rf3 41. Kg2 Rxc3 42. Re6 Rd3 43. Rxc6 Rxd4 44. Kxg3 a5 45. a4 Kf7 46. Rc5
Ke6 47. Rxa5 Rd5 48. Rxd5 Kxd5 49. Kf4 Kc5 50. Ke3 Kb4 51. Kd4 c3 0-1

[Event "2006 Edmonton Closed"]
[Site "Edmonton"]
[Date "2006.01.19"]
[Round "2.1"]
[White "Gardner, Robert"]
[Black "Haynes, Nicolas"]
[Result "0-1"]
[WhiteElo "2258"]
[BlackElo "2027"]
[PlyCount "94"]
[EventDate "2006.01.04"]
[EventType "k.o."]
[EventRounds "4"]
[EventCountry "CAN"]

1. f4 d5 2. Nf3 c5 3. e3 Nf6 4. b3 e6 5. Bb2 Be7 6. Be2 O-O 7. O-O b6 8. Ne5
Bb7 9. d3 Nc6 10. Nd2 Qc7 11. Rf3 Nd7 12. Nxd7 Qxd7 13. Rg3 g6 14. Bf1 d4 15.
Qh5 f5 16. Nf3 Bf6 17. Re1 Qg7 18. Qh3 Nb4 19. Re2 Nd5 20. Bc1 Nc3 21. Re1 Nxa2
22. Bd2 Bxf3 23. Rxf3 dxe3 24. Bxe3 Nb4 25. Re2 Nc6 26. Kh1 Bd4 27. g4 Bxe3 28.
Rfxe3 Nd4 29. Rf2 fxg4 30. Qxg4 Rf6 31. c3 Nf5 32. Re5 Rd8 33. Qe2 Qd7 34. Qe4
Ng7 35. Rf3 Rf5 36. Bh3 Rxe5 37. fxe5 Qd5 38. Qf4 Nf5 39. Bg2 Qxb3 40. h4 Qxc3
41. Rh3 Rxd3 42. Rxd3 Qxd3 43. Qa4 Qd8 44. Qxa7 Qxh4+ 45. Kg1 Qe1+ 46. Bf1 Qe3+
47. Kg2 Nh4+ 0-1

[Event "2006 Edmonton Closed"]
[Site "Edmonton"]
[Date "2006.01.19"]
[Round "2.1"]
[White "Hughey, Micah"]
[Black "Reeve, Jeff"]
[Result "0-1"]
[WhiteElo "2036"]
[BlackElo "2320"]
[PlyCount "137"]
[EventDate "2006.01.04"]
[EventType "k.o."]
[EventRounds "4"]
[EventCountry "CAN"]

1. e4 c5 2. d4 cxd4 3. c3 Nf6 4. e5 Nd5 5. Nf3 e6 6. cxd4 d6 7. Bc4 Nc6 8. O-O
Be7 9. Bxd5 exd5 10. Nc3 dxe5 11. dxe5 Be6 12. Qa4 Qd7 13. Rd1 h6 14. Be3 O-O
15. Rd2 Bb4 16. Qd1 Bxc3 17. bxc3 Na5 18. Bd4 Nc4 19. Rc2 Bf5 20. Re2 Bg4 21.
Re1 Rfe8 22. Qd3 Bf5 23. Qd1 b6 24. e6 Rxe6 25. Ne5 Nxe5 26. Rxe5 Rxe5 27. Bxe5
Re8 28. Bd4 Re6 29. Qd2 Qe7 30. Be3 Be4 31. Kh1 Re5 32. Re1 Qh4 33. f3 Bg6 34.
Bf2 Rxe1+ 35. Qxe1 Qc4 36. Qd2 h5 37. h3 f6 38. Qb2 Bf5 39. a3 Kf7 40. Bd4 Qa4
41. Qb4 Qxb4 42. cxb4 Ke6 43. g4 hxg4 44. hxg4 Bc2 45. Kg2 Kd6 46. f4 f5 47.
gxf5 Bxf5 48. Bxg7 Kc6 49. Kf2 Kb5 50. Ke3 Kc4 51. Bb2 Kb3 52. Bc1 Kc3 53. Bd2+
Kc4 54. Bc1 d4+ 55. Kd2 Kb3 56. Kd1 b5 57. Kd2 a6 58. Kd1 Kc3 59. Bd2+ Kb2 60.
Bc1+ Kb3 61. Kd2 Bc2 62. Ke2 Kc3 63. Ke1 Bf5 64. Kd1 Bg4+ 65. Ke1 Kc2 66. Bd2
Be6 67. Ke2 Bf5 68. Be1 Bd3+ 69. Kf3 0-1

[Event "2006 Edmonton Closed"]
[Site "Edmonton"]
[Date "2006.01.26"]
[Round "2.2"]
[White "Haynes, Nicolas"]
[Black "Gardner, Robert"]
[Result "1-0"]
[WhiteElo "2027"]
[BlackElo "2258"]
[PlyCount "45"]
[EventDate "2006.01.04"]
[EventType "k.o."]
[EventRounds "4"]
[EventCountry "CAN"]

1. d4 b6 2. c4 Bb7 3. Nc3 e6 4. a3 f5 5. Nf3 Nf6 6. g3 c5 7. dxc5 Bxc5 8. Bg2
Ne4 9. Nxe4 fxe4 10. Ng5 Qf6 11. O-O d5 12. Bh3 e3 13. f4 dxc4 14. Nxe6 Ke7 15.
Qc2 Qh6 16. Nxc5 bxc5 17. Qf5 Qc6 18. Rf3 Kd8 19. Bxe3 Re8 20. Qf7 Rxe3 21.
Rd1+ Rd3 22. Rdxd3+ cxd3 23. Rxd3+ 1-0

[Event "2006 Edmonton Closed"]
[Site "Edmonton"]
[Date "2006.01.26"]
[Round "2.2"]
[White "Li, Zhichao"]
[Black "Frialde, Arniel"]
[Result "1/2-1/2"]
[WhiteElo "2203"]
[BlackElo "2209"]
[PlyCount "120"]
[EventDate "2006.01.04"]
[EventType "k.o."]
[EventRounds "4"]
[EventCountry "CAN"]

1. d4 Nf6 2. c4 d6 3. g3 e5 4. dxe5 dxe5 5. Qxd8+ Kxd8 6. Bg2 c6 7. Nf3 Nfd7 8.
O-O f6 9. Rd1 Kc7 10. Be3 a5 11. Nc3 Na6 12. Na4 Ndc5 13. Nxc5 Bxc5 14. Bd2 b6
15. Bc3 Be6 16. Nd2 Rad8 17. a3 a4 18. Be4 Bd4 19. Bxd4 Rxd4 20. e3 Rd7 21. Kf1
Nc5 22. Bc2 g5 23. Ke2 h5 24. f3 f5 25. h4 gxh4 26. gxh4 Rhd8 27. Rac1 e4 28.
Nf1 Bxc4+ 29. Kf2 Bb3 30. Rxd7+ Rxd7 31. Bb1 Bd1 32. f4 Bf3 33. Bc2 Rd6 34. Ng3
Bg4 35. Ke1 b5 36. Rb1 Kd7 37. Nf1 Nd3+ 38. Bxd3 Rxd3 39. Rc1 Kd6 40. Rc2 Rd1+
41. Kf2 c5 42. Rd2+ Rxd2+ 43. Nxd2 Kd5 44. Ke1 b4 45. Kf2 Bd1 46. Ke1 Bc2 47.
Nf1 bxa3 48. bxa3 Kc4 49. Kd2 Bd3 50. Ng3 Kb3 51. Nxf5 c4 52. Nd4+ Kb2 53. Nb5
c3+ 54. Nxc3 Kxa3 55. f5 Bc4 56. Kc2 Kb4 57. Nxe4 a3 58. Ng3 Bb3+ 59. Kb1 Bf7
60. Ne4 Bc4 1/2-1/2

[Event "2006 Edmonton Closed"]
[Site "Edmonton"]
[Date "2006.01.26"]
[Round "2.2"]
[White "Reeve, Jeff"]
[Black "Hughey, Micah"]
[Result "1/2-1/2"]
[WhiteElo "2320"]
[BlackElo "2036"]
[PlyCount "130"]
[EventDate "2006.01.04"]
[EventType "k.o."]
[EventRounds "4"]
[EventCountry "CAN"]

1. g3 d5 2. Bg2 c5 3. Nf3 Nc6 4. O-O Nf6 5. d3 e6 6. Nbd2 Be7 7. e4 O-O 8. c3
d4 9. e5 Ng4 10. Qe2 f6 11. exf6 Nxf6 12. c4 Qc7 13. Ng5 e5 14. Nde4 Kh8 15. f4
Bg4 16. Bf3 Bxf3 17. Rxf3 Nxe4 18. Nxe4 Rf7 19. Bd2 Raf8 20. Raf1 Qd7 21. Kg2
Kg8 22. h3 b6 23. g4 exf4 24. Bxf4 Nd8 25. b3 Ne6 26. Bd2 Bd8 27. Rxf7 Rxf7 28.
Rxf7 Kxf7 29. Qf3+ Kg8 30. b4 Bc7 31. a3 Bb8 32. Qf5 cxb4 33. axb4 a6 34. Kf3
Qf7 35. Qxf7+ Kxf7 36. Ng5+ Nxg5+ 37. Bxg5 Ke6 38. Ke4 Be5 39. Bd8 b5 40. cxb5
axb5 41. Bb6 Bd6 42. Bc5 Bc7 43. Bxd4 g6 44. Bc5 h5 45. d4 hxg4 46. hxg4 Bg3
47. d5+ Kd7 48. Kd3 Bf4 49. Bf8 Bg3 50. Ke4 Be1 51. Kd4 Bf2+ 52. Ke5 Bh4 53.
Bc5 Bd8 54. d6 Bh4 55. Be3 Be1 56. Bc5 Bh4 57. Bb6 Bg3+ 58. Kf6 Bxd6 59. Ba5
Bf4 60. Kxg6 Ke6 61. g5 Bd2 62. Kh5 Kf7 63. Kh6 Kg8 64. Kg6 Bc3 65. Kh6 Bd2
1/2-1/2

[Event "2006 Edmonton Closed"]
[Site "Edmonton"]
[Date "2006.02.02"]
[Round "3.1"]
[White "Reeve, Jeff"]
[Black "Li, Zhichao"]
[Result "1-0"]
[WhiteElo "2320"]
[BlackElo "2203"]
[PlyCount "85"]
[EventDate "2006.01.04"]
[EventType "k.o."]
[EventRounds "4"]
[EventCountry "CAN"]

1. e4 c6 2. d4 d5 3. Nc3 dxe4 4. Nxe4 Bf5 5. Ng3 Bg6 6. h4 h6 7. Nf3 Nd7 8. h5
Bh7 9. Bd3 Bxd3 10. Qxd3 e6 11. Bf4 Qa5+ 12. Bd2 Qc7 13. O-O-O Ngf6 14. Ne4
O-O-O 15. g3 Nxe4 16. Qxe4 Bd6 17. Kb1 Rhe8 18. c4 Nf6 19. Qc2 c5 20. dxc5 Bxc5
21. Bf4 Rxd1+ 22. Rxd1 Qb6 23. Ne5 Nxh5 24. Nd7 Qc6 25. Nxc5 Qxc5 26. Qd2 Nf6
27. b4 Qe7 28. Qb2 Rd8 29. Rxd8+ Kxd8 30. Qd4+ Ke8 31. Bd6 Qd7 32. Kb2 b6 33.
Kb3 Qc6 34. Be5 Ke7 35. b5 Qd7 36. Kb4 Ne8 37. c5 Nf6 38. Bxf6+ gxf6 39. Qxd7+
Kxd7 40. c6+ Kd6 41. Kc4 f5 42. Kd3 f4 43. gxf4 1-0

[Event "2006 Edmonton Closed"]
[Site "Edmonton"]
[Date "2006.02.09"]
[Round "3.2"]
[White "Li, Zhichao"]
[Black "Reeve, Jeff"]
[Result "1-0"]
[WhiteElo "2203"]
[BlackElo "2320"]
[PlyCount "131"]
[EventDate "2006.01.04"]
[EventType "k.o."]
[EventRounds "4"]
[EventCountry "CAN"]

1. d4 Nf6 2. c4 c5 3. d5 b5 4. cxb5 a6 5. bxa6 g6 6. Nc3 Bxa6 7. g3 d6 8. Bg2
Bg7 9. Nf3 Nbd7 10. Rb1 O-O 11. O-O Qa5 12. Bd2 Rfb8 13. Qc2 Ng4 14. Rfe1 Ra7
15. a4 Rab7 16. b3 Qc7 17. h3 Nge5 18. Nh4 Nf6 19. Kh2 Qd8 20. Nd1 Ned7 21. Ne3
Nb6 22. a5 Na8 23. Nc4 Nc7 24. e4 Nb5 25. Nf3 Nd7 26. Bf1 Bd4 27. Kg2 Qf8 28.
Rec1 Qg7 29. Qd1 Nc3 30. Bxc3 Bxc3 31. Qc2 Bxc4 32. Qxc3 Bxf1+ 33. Kxf1 Qxc3
34. Rxc3 Ra8 35. Ra1 Rb5 36. a6 Rb6 37. Rc4 Rxb3 38. Nd2 Rb2 39. Ke1 Ra7 40.
Rca4 Nb8 41. Nc4 Rb4 42. Rxb4 cxb4 43. Ra4 Rxa6 44. Rxb4 Ra1+ 45. Ke2 Ra2+ 46.
Ke3 Na6 47. Rb7 Kf8 48. f4 Rg2 49. e5 Rxg3+ 50. Ke2 Nc5 51. Rb8+ Kg7 52. exd6
exd6 53. Nxd6 Rd3 54. Ne8+ Kh6 55. Nf6 Kg7 56. Ne8+ Kh6 57. d6 Rxh3 58. Rb5 Ne6
59. Rb4 Rh2+ 60. Ke3 Rh3+ 61. Ke4 Nxf4 62. Kxf4 Rh4+ 63. Ke3 Rxb4 64. d7 Rb3+
65. Ke2 Rb2+ 66. Kd1 1-0

[Event "2006 Edmonton Closed"]
[Site "Edmonton"]
[Date "2006.02.14"]
[Round "3.3"]
[White "Reeve, Jeff"]
[Black "Li, Zhichao"]
[Result "1/2-1/2"]
[WhiteElo "2320"]
[BlackElo "2203"]
[PlyCount "117"]
[EventDate "2006.01.04"]
[EventType "k.o."]
[EventRounds "4"]
[EventCountry "CAN"]

1. e4 c6 2. d4 d5 3. e5 c5 4. Nf3 Nc6 5. Be2 cxd4 6. O-O g6 7. Re1 Bg7 8. Bf4
f6 9. exf6 Nxf6 10. Nxd4 O-O 11. Nxc6 bxc6 12. Be5 Ne4 13. Bxg7 Kxg7 14. Qd4+
Kg8 15. Bf3 Ng5 16. Nd2 Qd6 17. Qe5 Qxe5 18. Rxe5 Nxf3+ 19. Nxf3 e6 20. Nd4 Rb8
21. b3 Rb4 22. c3 Rb6 23. Nxe6 Bxe6 24. Rxe6 c5 25. Rae1 Rf7 26. f3 Rfb7 27.
Re8+ Kf7 28. Rd8 Ra6 29. Re2 c4 30. Rxd5 cxb3 31. axb3 Ra3 32. Rb2 Raxb3 33.
Rxb3 Rxb3 34. Rd7+ Kg8 35. Rxa7 Rxc3 36. Kf2 Rb3 37. Kg3 Rb4 38. f4 h6 39. h3
Rc4 40. Kf3 Rb4 41. Kg3 Rc4 42. Kg4 Rb4 43. h4 Rb5 44. Kf3 Rb4 45. h5 gxh5 46.
Ra5 Rb3+ 47. Kf2 Rb4 48. Kg3 h4+ 49. Kg4 Rb2 50. Kh3 Kg7 51. Rh5 Kg6 52. Rxh4
h5 53. Kh2 Ra2 54. Rh3 Kf5 55. Rf3 Ra1 56. Kg3 Rh1 57. Ra3 h4+ 58. Kf2 Kxf4 59.
Ra4+ 1/2-1/2

[Event "2006 Edmonton Closed"]
[Site "Edmonton"]
[Date "2006.02.14"]
[Round "3.4"]
[White "Li, Zhichao"]
[Black "Reeve, Jeff"]
[Result "1-0"]
[WhiteElo "2203"]
[BlackElo "2320"]
[PlyCount "79"]
[EventDate "2006.01.04"]
[EventType "k.o."]
[EventRounds "4"]
[EventCountry "CAN"]

1. d4 Nf6 2. c4 g6 3. Nf3 Bg7 4. g3 O-O 5. Bg2 d6 6. O-O Nbd7 7. Nc3 e5 8. e4
exd4 9. Nxd4 Re8 10. Re1 Nc5 11. Nb3 Nfd7 12. Qc2 a5 13. Bd2 a4 14. Nxc5 Nxc5
15. Nd5 c6 16. Nf4 Be5 17. Bc3 Qf6 18. Bxe5 dxe5 19. Qc3 Qe7 20. Nd3 Nxd3 21.
Qxd3 Rd8 22. Qc3 Rd4 23. c5 Be6 24. b3 axb3 25. axb3 Rxa1 26. Rxa1 Qd8 27. h4
h5 28. Ra7 Qd7 29. b4 Bh3 30. Qf3 Kg7 31. Bxh3 Qxh3 32. Rxb7 Rd7 33. Rxd7 Qxd7
34. Qc3 f6 35. b5 Qd1+ 36. Kg2 Qe2 37. bxc6 Qxe4+ 38. Qf3 Qc4 39. c7 Qxc5 40.
Qb7 1-0

[Event "2006 Edmonton Reserves"]
[Site "Edmonton"]
[Date "2006.01.26"]
[Round "4"]
[White "Wihnon, Jason"]
[Black "Pedersen, Rick"]
[Result "1-0"]
[WhiteElo "1695"]
[BlackElo "1671"]
[PlyCount "69"]
[EventDate "2006.01.05"]
[EventType "swiss"]
[EventRounds "8"]
[EventCountry "CAN"]

1. e4 g6 2. d4 Bg7 3. f4 d6 4. Nc3 Nf6 5. Nf3 O-O 6. Bd3 c5 7. e5 dxe5 8. dxe5
Nd5 9. O-O Nc6 10. Qe2 Bg4 11. Qf2 Bxf3 12. Qxf3 Nxc3 13. bxc3 Qc7 14. Be3 Rac8
15. Rab1 b6 16. Rfd1 e6 17. Be4 Na5 18. Qe2 Rcd8 19. Bf2 f6 20. Rxd8 Rxd8 21.
Bh4 g5 22. fxg5 f5 23. Bf3 Bxe5 24. g6 Bxh2+ 25. Kf1 Re8 26. gxh7+ Qxh7 27. Bh5
e5 28. Bxe8 Qxh4 29. Qh5 Qf4+ 30. Ke2 Nc4 31. Qf7+ Kh8 32. Qf6+ Kh7 33. Bg6+
Kh6 34. Bf7+ Kh7 35. Qg6+ 1-0

[Event "2006 Edmonton Reserves"]
[Site "Edmonton"]
[Date "2006.02.02"]
[Round "5"]
[White "Funk, Josh"]
[Black "Rekhson, Vladislav"]
[Result "0-1"]
[WhiteElo "1445"]
[BlackElo "2025"]
[PlyCount "72"]
[EventDate "2006.01.05"]
[EventType "swiss"]
[EventRounds "8"]
[EventCountry "CAN"]

1. e4 c5 2. Nf3 d6 3. Bb5+ Nd7 4. a4 a6 5. Bc4 Ngf6 6. a5 e6 7. d3 Be7 8. O-O
O-O 9. Nc3 b5 10. axb6 Nxb6 11. Ba2 d5 12. exd5 exd5 13. h3 Bb7 14. Ne2 Bd6 15.
Bg5 d4 16. Ng3 h6 17. Bh4 Nbd5 18. Nf5 Bf4 19. Re1 Re8 20. Bxd5 Bxd5 21. b4 Be6
22. Bxf6 Qxf6 23. Ng3 cxb4 24. Ne4 Qg6 25. Nh4 Qh7 26. Ra5 Bc7 27. Rc5 Bd8 28.
Qa1 Bxh4 29. Qxd4 Qg6 30. Re3 a5 31. Rc6 Rec8 32. Qc5 Rxc6 33. Qxc6 Rc8 34. Qa4
Qh5 35. Re1 Qd5 36. Nd2 Bd7 0-1

[Event "2006 Edmonton Reserves"]
[Site "Edmonton"]
[Date "2006.02.02"]
[Round "5"]
[White "Hughey, Micah"]
[Black "Pedersen, Rick"]
[Result "1-0"]
[WhiteElo "2021"]
[BlackElo "1671"]
[PlyCount "66"]
[EventDate "2006.01.05"]
[EventType "swiss"]
[EventRounds "8"]
[EventCountry "CAN"]

1. d4 d5 2. Nf3 c5 3. dxc5 e6 4. c4 Bxc5 5. cxd5 Nf6 6. Nc3 exd5 7. Bg5 d4 8.
Bxf6 Qxf6 9. Nd5 Qd6 10. e4 dxe3 11. Qa4+ Nc6 12. Qe4+ Be6 13. O-O-O O-O-O 14.
Nb6+ Bxb6 15. Rxd6 Rxd6 16. fxe3 Rhd8 17. Be2 Bxa2 18. Rd1 Bd5 19. Qf4 Re6 20.
e4 Bxe4 21. Ng5 Rxd1+ 22. Bxd1 Nb4 23. Be2 Nd5 24. Qxf7 Rc6+ 25. Kd1 Bc2+ 26.
Ke1 Ba5+ 27. Kf2 Rf6+ 28. Bf3 Bb6+ 29. Kg3 Rxf7 30. Nxf7 Bc7+ 31. Kh3 Nf4+ 32.
Kg4 Nd3 33. Ng5 Ne5+ 1-0

[Event "2006 Edmonton Reserves"]
[Site "Edmonton"]
[Date "2006.02.09"]
[Round "6"]
[White "Culjaga, Marko"]
[Black "Wihnon, Jason"]
[Result "0-1"]
[WhiteElo "1547"]
[BlackElo "1695"]
[PlyCount "84"]
[EventDate "2006.01.05"]
[EventType "swiss"]
[EventRounds "8"]
[EventCountry "CAN"]

1. e4 e5 2. f4 exf4 3. Nf3 d6 4. Bc4 g5 5. h4 g4 6. Ng1 Be7 7. d3 Bxh4+ 8. Kf1
Qf6 9. Ne2 f3 10. Nf4 fxg2+ 11. Kxg2 c6 12. Rf1 Qe5 13. Ne2 f6 14. Nbc3 Nd7 15.
Bf4 Qe7 16. Nd4 Ne5 17. Bb3 Bd7 18. Rh1 Ng6 19. Qd2 O-O-O 20. Nf5 Bxf5 21. exf5
Nxf4+ 22. Qxf4 Bg5 23. Be6+ Kb8 24. Qxg4 Nh6 25. Qf3 d5 26. Rae1 Qb4 27. Rb1
Qg4+ 28. Qg3+ Qxg3+ 29. Kxg3 Ng8 30. Ne2 Ne7 31. Nf4 Nc8 32. Rh5 Nd6 33. Rbh1
h6 34. Ng6 Rh7 35. Re1 Kc7 36. Kf3 b5 37. b4 Kb6 38. Rd1 a5 39. bxa5+ Kxa5 40.
c4 bxc4 41. dxc4 Nxc4 42. Rb1 Nd2+ 0-1

[Event "2006 Edmonton Reserves"]
[Site "Edmonton"]
[Date "2006.02.09"]
[Round "6"]
[White "Rekhson, Vladislav"]
[Black "Laboucane, Randy"]
[Result "1-0"]
[WhiteElo "2025"]
[BlackElo "1674"]
[PlyCount "71"]
[EventDate "2006.01.05"]
[EventType "swiss"]
[EventRounds "8"]
[EventCountry "CAN"]

1. e4 c5 2. Nf3 d6 3. d4 cxd4 4. Nxd4 Nf6 5. Nc3 a6 6. Be3 Qc7 7. f3 b5 8. Qd2
e6 9. O-O-O Be7 10. g4 h6 11. h4 Nc6 12. Rg1 Rb8 13. g5 hxg5 14. hxg5 Nh5 15.
f4 b4 16. Nce2 g6 17. f5 Nxd4 18. Qxd4 e5 19. Qd3 a5 20. Kb1 Bb7 21. Rh1 Rc8
22. Ng3 d5 23. Nxh5 gxh5 24. g6 h4 25. gxf7+ Kf8 26. exd5 Bxd5 27. Qxd5 Qxc2+
28. Ka1 Rd8 29. Qxd8+ Bxd8 30. Rxd8+ Ke7 31. Bg5+ Kxf7 32. Bc4+ Qxc4 33. Rxh8
a4 34. R8xh4 Qc2 35. Rh7+ Ke8 36. Re7+ 1-0

[Event "2006 Edmonton Reserves"]
[Site "Edmonton"]
[Date "2006.02.16"]
[Round "7"]
[White "Wihnon, Jason"]
[Black "Rekhson, Vladislav"]
[Result "0-1"]
[WhiteElo "1695"]
[BlackElo "2025"]
[PlyCount "44"]
[EventDate "2006.01.05"]
[EventType "swiss"]
[EventRounds "8"]
[EventCountry "CAN"]

1. e4 c5 2. Nf3 e6 3. a3 d5 4. exd5 exd5 5. b4 cxb4 6. Bb2 Nf6 7. axb4 Bxb4 8.
Bb5+ Nc6 9. Ne5 O-O 10. O-O Qd6 11. d4 Qc7 12. c3 Bd6 13. f4 Qb6 14. Ba3 Bxa3
15. Nxa3 Ne4 16. Bd3 Nxc3 17. Qh5 g6 18. Nxg6 fxg6 19. Bxg6 Qxd4+ 20. Kh1 hxg6
21. Qxg6+ Qg7 22. Qd3 Bf5 0-1

[Event "2006 Edmonton Reserves"]
[Site "Edmonton"]
[Date "2006.02.23"]
[Round "8"]
[White "Hughey, Micah"]
[Black "Fokkema, Jerred"]
[Result "1-0"]
[WhiteElo "2021"]
[BlackElo "1763"]
[PlyCount "113"]
[EventDate "2006.01.05"]
[EventType "swiss"]
[EventRounds "8"]
[EventCountry "CAN"]

1. e4 c5 2. c3 e6 3. d4 d5 4. exd5 exd5 5. Nf3 Nf6 6. Be3 c4 7. b3 cxb3 8. axb3
Bd6 9. Bd3 Nc6 10. h3 h6 11. O-O O-O 12. Nbd2 Be6 13. Re1 Re8 14. c4 Nb4 15.
Bb1 a6 16. c5 Bc7 17. Ne5 Bxe5 18. dxe5 Nd7 19. f4 f5 20. Qh5 Re7 21. Bxf5 Bxf5
22. Qxf5 Rf7 23. Qb1 Qe7 24. Ra4 Nc6 25. Qc1 d4 26. Bxd4 Rxf4 27. Ne4 Raf8 28.
Nf6+ Nxf6 29. Qxf4 Nd5 30. Qe4 Qe6 31. Rf1 Nf6 32. Qe3 Nd7 33. Rxf8+ Nxf8 34.
Bb2 Nd7 35. Re4 Ne7 36. b4 Qa2 37. Qc3 Qb1+ 38. Re1 Qg6 39. Qc4+ Kh8 40. e6 Nf6
41. Bxf6 Qxf6 42. Qe4 Kg8 43. Rf1 Qg6 44. Qxg6 Nxg6 45. Rf7 Ne5 46. Rxb7 Kf8
47. Rf7+ Nxf7 48. exf7 Kxf7 49. Kf2 Ke6 50. Ke3 Kd5 51. Kf4 g6 52. h4 Ke6 53.
Ke4 g5 54. hxg5 hxg5 55. g4 Kd7 56. Kf5 Kc6 57. Kxg5 1-0